000 00578nam a2200229Ia 4500
003 OSt
005 20220924132556.0
006 a|||||r|||| 00| 0
007 ta
008 220923b |||||||| |||| 00| 0 hin d
024 _a72093
037 _cTextual
040 _aARTS
_cARTS
_bhin
041 _2hin
_ahin
082 _aR6x1:1:9, 152K8 TTPS
100 _aPathak R
_9181864
245 0 _aSaddarshan rashasya
260 _c1968
650 _aINDIAN PHILOSOPHY
942 _hR6x1:1:9, 152K8 TTPS
_cTEXL
_2CC
999 _c430750
_d430750